| 000 | 00521nam a2200181 a 4500 | ||
|---|---|---|---|
| 005 | 20140412111255.0 | ||
| 008 | 000825s19uu xx 00 eng d | ||
| 020 | _a0-590-47572-X | ||
| 050 |
_aTR(GS 629.22 _bM32 1995 |
||
| 100 | _aMaccarone, Grace | ||
| 245 |
_aCars! cars! cars! / _cby Grace Maccarone ; illustrated by David A. Carter. |
||
| 260 |
_aNew York : _bScholastic Inc, _c1995. |
||
| 300 | _a1 v. (unp.) ; ill | ||
| 440 | _aStory Corner | ||
| 650 | _aCars-Fiction | ||
| 650 | _aCounting | ||
| 999 |
_c103221 _d103221 |
||